| 000 | 00552nam a2200181 i 4500 | ||
|---|---|---|---|
| 001 | 31049 | ||
| 003 | ES-MaACL | ||
| 005 | 20230906154311.0 | ||
| 007 | t| | ||
| 008 | 030128s1964 sp ||||1| cat d | ||
| 100 | 1 |
_aBelloncle, Guy. _927268 |
|
| 245 | 1 | 0 |
_aDiari de la nostra joventut / _cGuy Belloncle ; traductors Jordi Planas, Josep Ruaix. |
| 260 |
_aBarcelona : _bEditorial Estela, _c[1964] |
||
| 300 |
_a191 p. ; _c20 cm. |
||
| 700 | 1 |
_aPlanas, Jordi. _992521 |
|
| 700 | 1 |
_aRuaix i Vinyet, Josep. _9100264 |
|
| 852 |
_aES-MaACL _jC-28507 _bR.57819 |
||
| 999 |
_c31049 _d31049 |
||